000 00340nam a2200157Ia 4500
003 OSt
005 20240104114000.0
008 170524s9999 xx 000 0 und d
020 _a08121924987
040 _ciimtu
100 _aAggarwal R. S.
245 0 _aQUANTITATIVE APTITUDE
260 _bS. Chand
260 _c2012
942 _2ddc
_c02
999 _c6032
_d6032